000 00717nam a2200181 a 4500
008 130625s2012 ||||||||||||||||| || u
020 _a9780143528883
050 _aHC 800 Her
100 _aMills, Greg
245 1 0 _aAfrica's third liberation: the new search for prosperity and jobs
_cBy Jeffrey Herbst abd Greg Mills
260 _aCape Town:
_bPenguin Books
_c2012
300 _axii, 248p.: ill.
500 _aIncludes Bibliography
650 _aAFRICA--ECONOMIC ASPECTS--DEVELOPMENT
650 0 _aAFRICA--ECONOMIC CONDITIONS
700 _aHerbst, Jeffrey
995 _FCBU-MAIN LIBRARY (Kitwe)
_M1
_UAVAILABLE
_WJul 5, 2013
_ZMain Library Open Access Collection
999 _c33842
_d33842